Tous les poèmes des Fleurs du Mal - Statistiques

Statistiques générales
  • Ce quiz a été pris 47 fois
    25 depuis la dernière actualisation
  • Le résultat moyen est 31 sur 133
Statistiques - réponses
Poem # Réponse % Correct
II L’Albatros
75%
0 Au Lecteur
67%
XCIII À une Passante
67%
XXIX Une Charogne
67%
LXXXVIII À une Mendiante Rousse
50%
III Élévation
50%
CXXI La Mort des Amants
50%
VIII La Muse Vénale
50%
I Lesbos
50%
XXXI Le Vampire
50%
LXXXV L’Horloge
50%
CXIX Abel et Caïn
42%
XXI Hymne à la Beauté
42%
XVII La Beauté
42%
CXXII La Mort des Pauvres
42%
LXVIII La Pipe
42%
LI | XXXIV Le Chat
42%
LXVI Les Chats
42%
XXVIII Le Serpent qui Danse
42%
VI Les Métamorphoses du Vampire
42%
CVIII Le Vin des Amants
42%
XVIII L’Idéal
42%
LIII L’Invitation au Voyage
42%
XXII Parfum Exotique
42%
LXIV Sonnet d’Automne
42%
I Bénédiction
33%
LVI Chant d’Automne
33%
XLV Confession
33%
XXIII La Chevelure
33%
CXXIV La Fin de la Journée
33%
XIX La Géante
33%
CIV L’Âme du Vin
33%
CXXIII La Mort des Artistes
33%
VII La Muse Malade
33%
LXIX La Musique
33%
XLVIII Le Flacon
33%
IX Le Mauvais Moine
33%
X L’Ennemi
33%
XLIX Le Poison
33%
CXXV Le Rêve d’un Curieux
33%
XCII Les Aveugles
33%
LXVII Les Hiboux
33%
LXXXVII Le Soleil
33%
VI Les Phares
33%
CV Le Vin des Chiffonniers
33%
CXXVI Le Voyage
33%
LXXXVI Paysage
33%
XLIV Réversibilité
33%
LXX Sépulture
33%
LXI À une Dame Créole
25%
LVII À une Madone
25%
CI Brumes et Pluies
25%
LV Causerie
25%
IV Correspondances
25%
LXXXIX Le Cygne
25%
III Le Léthé
25%
XX Le Masque
25%
LXXII Le Mort Joyeux
25%
XCI Les Petites Vieilles
25%
CVI Le Vin de l’Assassin
25%
CVII Le Vin du Solitaire
25%
XIV L’Homme et la Mer
25%
LXXIX Obsession
25%
LXV Tristesses de la Lune
25%
CXVI Un Voyage à Cythère
25%
IV À Celle qui est Trop Gaie
17%
LXXXI Alchimie de la Douleur
17%
LVIII Chanson d’Après-Midi
17%
L Ciel Brouillé
17%
XCVII Danse Macabre
17%
XV Don Juan aux Enfers
17%
XXXV Duellum
17%
LXXXII Horreur Sympathique
17%
LXXIV La Cloche Fêlée
17%
CIX La Destruction
17%
XXXVI Le Balcon
17%
LII Le Beau Navire
17%
XCV Le Crépuscule du Soir
17%
XCVI Le Jeu
17%
XXXVII Le Possédé
17%
CXX Les Litanies de Satan
17%
LXXXIV L’Irremédiable
17%
LIV L’Irréparable
17%
CII Rêve Parisien
17%
XXVI Sed Non Satiata
17%
XXXVIII Un Fantôme
17%
CXIV Allégorie
8%
XIII Bohémiens en Voyage
8%
XVI Châtiment de L’Orgeuil
8%
XXX De Profundis Clamavi
8%
CXI Femmes Damnées
8%
LX Franciscae Meae Laudes
8%
XLVII Harmonie du Soir
8%
V J’aime le souvenir de ces époques nues…
8%
CXV La Béatrice
8%
XCVIII L’Amour du Mensonge
8%
CXVII L’Amour et le Crâne
8%
XLVI L’Aube Spirituelle
8%
XII La Vie Antérieure
8%
CIII Le Crépuscule du Matin
8%
XLIII Le Flambeau Vivant
8%
LXXX Le Goût du Néant
8%
XI Le Guignon
8%
CXVIII Le Reniement de Saint Pierre
8%
LXIII Le Revenant
8%
V Les Bijoux
8%
CXII Les Deux Bonnes Sœurs
8%
XCIV Le Squelette Laboureur
8%
XC Les Sept Vieillards
8%
LXXIII Le Tonneau de la Haine
8%
LXXXIII L’Héautontimorouménos
8%
LXII Mœsta et Errabunda
8%
XXXIII Remords Posthume
8%
XL Semper Eadem
8%
LIX Sisina
8%
LXXVII Spleen III (Je suis comme le roi)
8%
LXXV Spleen I (Pluviôse irrité)
8%
LXXVIII Spleen IV (Quand le ciel bas et lourd)
8%
XLI Tout Entière
8%
XXV Tu mettrais l’univers entier dans ta ruelle…
8%
LXXI Une Gravure Fantastique
8%
CX Une Martyre
8%
XXVII Avec ses vêtements ondoyants et nacrés…
0%
II Femmes Damnées (À la pâle clarté)
0%
XCIX Je n’ai pas oublié, voisine de la ville…
0%
XXIV Je t’adore à l’égal de la voûte nocturne…
0%
XXXIX Je te donne ces vers afin que si mon nom…
0%
CXIII La Fontaine du Sang
0%
C La servante au grand cœur dont vous étiez jalouse…
0%
XLII Que diras-tu ce soir, pauvre âme solitaire…
0%
LXXVI Spleen II (J’ai plus de souvenirs)
0%
XXXII Une nuit que j’étais près d’une affreuse Juive…
0%
Aucun quiz correspondant
Distribution des résultats
% des personnes avec chaque résultat
Percentile par nombre de réponses
Votre historique - résultats
Vous n’avez pas pris ce quiz depuis la dernière actualisation